000 01241nam0a22003011 4500
001 rc\770038
005 20250622124939.0
035 _a(NLR Aleph) 006296730
090 _a7208084
_c7208084
100 _a20040301d1983 |||y0rusy50 ca
101 0 _arus
102 _aRU
105 _aa |||||||||
200 1 _aТеплый камень
_eПовесть и рассказы
_fА.Я. Беселия
_g[Худож. Г.Т. Корсантия]
210 _aСухуми
_cАлашара
_d1983
215 _a107 с.
_cил.
_d16
327 1 _aСодерж.: Теплый камень: Повесть; Рассказы: Аль; Папа или мама?; Аристократ; Друг предупреждает
464 0 _12001#$aТеплый камень
_tТеплый камень
464 0 _12001#$aАль
_tАль
464 0 _12001#$aПапа или мама?
_tПапа или мама?
464 0 _12001#$aАристократ
_tАристократ
464 0 _12001#$aДруг предупреждает
_tДруг предупреждает
700 1 _aБеселия
_bА.Я.
_gАльтон Ясонович
801 0 _aRU
_bNLR
_gpsbo
801 1 _aRU
_bELAR
_2rusmarc
852 _aNLR
_j84-2/32
942 _cBOOK
980 _aNB